Дело об определении, об увольнении и о вычетах за повышение чинов Дирекции императорских театров и прочее

Доступно только в Электронных читальных залах Найти на картеНа карте
RUSMARC
00006261nmc2a22000003x 450
0016b00699a-ac14-476a-ae09-d549e88f7b93
00520190726112315.0
100##$a20161025l18071809k l0rusy0189 ca
1010#$arus
102##$aRU
2001#$aДело об определении, об увольнении и о вычетах за повышение чинов Дирекции императорских театров и прочее
$j20 февраля 1807 г. - 15 апреля 1809 г.
251##$cДело
300##$aДело
801#0$aRU
$bРГИА
$c20161025
$gRCR
801#1$aRU
$bГлавНИВЦ
$c20161025
$2rusmarc
801#2$aRU
$bПБ им. Б.Н. Ельцина
$c20180928
$gRCR
$2rusmarc
850##$aРГИА
852##$aРГИА
$eФедеральное казенное учреждение "Российский государственный исторический архив" (РГИА)
$j122
937##$hРГИА
$d12233940
$aASBIBLIO_SCAN
462#0$1001dd3991dc-24e1-42ec-8838-ca4255420416
$12001
$a1746-1850 гг.
$1251
$cОпись
$1852
$j1
461#0$10019264ebf8-de62-4f1a-9eb4-9f22098dbbd5
$12001
$aДирекция императорских театров МИДв
$1251
$cФонд
$1852
$j497
215##$a40 л.
$d36,5х26 см
371##$aДокумент не является опубликованным и широко распространяемым
105##$ay###
1222#$ad
035##$a6b00699a-ac14-476a-ae09-d549e88f7b93
856##$uhttp://readingroom.main.prlib.ru/item.aspx?id_node=n118716046&mode=full
6061#$2prlib_sh
$3LIBNET\UAF\0000084089
$aТеатральные работники
$xПрием и увольнение
$yРоссия
$jДокументы и материалы
6061#$aЧинопроизводство
$yРоссия
$2prlib_sh
$3DITM\AF\0000002835
$z18-нач. 20 вв
$jДокументы и материалы
6061#$aТеатр
$2nlr_sh
$3RU\NLR\AUTH\66954322
$xРепертуар
$jДокументы и материалы
60101$2nlr_sh
$3RU\NLR\AUTH\661528162
$aРоссия
$bСенат
$jДокументы и материалы
60101$aРоссия
$bДирекция императорских театров
$2prlib_sh
$3LIBNET\UAF\0000080151
$xДеятельность
$jДокументы и материалы
600#1$2prlib_sh
$3LIBNET\UAF\0000079349
$aНарышкин
$gАлександр Львович
$bА.Л.
$f1770-1826
$jДокументы и материалы
686##$2rubbk
$a63.3(2)521.1-7
$vLBC/M
686##$a85.33
$vLBC/M
$2rubbk
605##$2acquisition_Prlib
$3LIBNET\UAF\0000080478
$aГод театра в России
$lколлекция
605##$2acquisition_Prlib
$3DITM\AF\0000004166
$aРоссия в лицах
$lколлекция
Формат отображения